Indovina la nazione dal personaggio famoso parte 5 - Statistics

Statistiche generali
  • Questo quiz è stato fatto 163 volte
  • Il punteggio medio è 16 su 20
Statistiche sulle risposte
PERSONAGGIO FAMOSO NAZIONE % Corretto
Papa Francesco Argentina
99%
Leonardo Sciasca Italia
99%
Immanuel Kant Germania
98%
Carlos Ruiz Lafon Spagna
96%
Robert Louis Stevenson Regno Unito
92%
Alfred Nobel Svezia
90%
Pablo Escobar Colombia
88%
Stendhal Francia
87%
Sant'Antonio da Padova Portogallo
86%
Nicholas Sparks Usa
85%
Guillermo del Toro Messico
82%
Edvard Munch Norvegia
80%
Boris Pasternak Russia
75%
Baruch Spinoza Olanda/Paesi Bassi
73%
Marguerite Yourcenar Belgio
71%
Omar Sharif Egitto
63%
Casey Stoner Australia
60%
Raz Degan Israele
56%
Hailè Selassiè Etiopia
45%
Iqbal Masih Pakistan
42%
Nessun quiz corrispondente trovato
Distribuzione punteggi
Percentuale di utenti per punteggio
Percentile per numero di risposta
I tuoi punteggi nel tempo
Non hai fatto questo quiz